[Event "Fujairah Global Superstar"]
[Site "Fujairah City UAE"]
[Date "2025.08.31"]
[Round "8.16"]
[White "Dardha, Daniel"]
[Black "Movahed, Sina"]
[Result "0-1"]
[WhiteTitle "GM"]
[BlackTitle "GM"]
[WhiteElo "2616"]
[BlackElo "2558"]
[WhiteFideId "240990"]
[BlackFideId "42520835"]
[EventDate "2025.08.25"]

1. e4 c5 2. Nf3 d6 3. Bb5+ Nd7 4. Ba4 Nf6 5. O-O e6 6. d3 Be7 7. c4 O-O 8. Nc3
a6 9. Ne1 b6 10. f4 Bb7 11. Nf3 Nb8 12. Qe1 Nc6 13. h3 Rb8 14. Kh1 Ba8 15. Bxc6
Bxc6 16. b3 b5 17. Bd2 Re8 18. Ne2 Bf8 19. Ng3 bxc4 20. bxc4 d5 21. Bc3 Nd7 22.
Ba5 Qc8 23. Qe2 dxc4 24. dxc4 f5 25. Bc3 Qb7 26. Rae1 g6 27. Qc2 Bg7 28. Bxg7
Kxg7 29. Re2 Qc7 30. Qc1 Nf6 31. Qc3 Rbd8 32. Ng5 Qd7 33. Qe5 Rc8 34. Nxh7 Kxh7
35. Qxf6 Qg7 36. Qh4+ Qh6 37. Qxh6+ Kxh6 38. Rd1 e5 39. Rd6 exf4 40. Nxf5+ Kh7
41. Nh4 Bxe4 42. Red2 Rc6 43. Rxc6 Bxc6 44. Rd6 Re1+ 45. Kh2 Be4 46. Rxa6 Re3
47. Ra5 g5 48. Nf3 Bxf3 49. gxf3 Rxf3 50. Rxc5 Kg6 51. Rc8 Rf2+ 52. Kg1 Rxa2 53.
c5 g4 54. Rg8+ Kf5 55. hxg4+ Ke4 56. Rb8 f3 57. c6 Kf4 58. c7 Kg3 59. Rb1 Rg2+
60. Kf1 Rh2 61. Ke1 Rc2 62. Kf1 Rxc7 63. Kg1 Rc2 0-1

[Event "Fujairah Global Superstar"]
[Site "Fujairah City UAE"]
[Date "2025.08.31"]
[Round "8.17"]
[White "Bharath, Subramaniyam H"]
[Black "Kozak, Adam"]
[Result "1-0"]
[WhiteTitle "GM"]
[BlackTitle "GM"]
[WhiteElo "2562"]
[BlackElo "2586"]
[WhiteFideId "46634827"]
[BlackFideId "753246"]
[EventDate "2025.08.25"]

1. e4 c5 2. Nf3 d6 3. d4 cxd4 4. Nxd4 Nf6 5. Nc3 Nc6 6. Bg5 Bd7 7. Qd2 Rc8 8. f4
Nxd4 9. Qxd4 Qb6 10. Qxb6 axb6 11. Bd3 Bc6 12. O-O-O e6 13. Bh4 Nd7 14. b4 Nf6
15. b5 Bd7 16. Na4 Ra8 17. Nxb6 Rxa2 18. Kb1 Ra5 19. Kb2 Bxb5 20. Ra1 Bxd3 21.
Rxa5 Ba6 22. e5 Ne4 23. Re1 d5 24. Nxd5 exd5 25. Rxd5 g5 26. fxg5 Nc5 27. g6
Na4+ 28. Ka1 Be7 29. Bf6 1-0

[Event "Fujairah Global Superstar"]
[Site "Fujairah City UAE"]
[Date "2025.08.31"]
[Round "8.18"]
[White "Mendonca, Leon Luke"]
[Black "Socko, Bartosz"]
[Result "1/2-1/2"]
[WhiteTitle "GM"]
[BlackTitle "GM"]
[WhiteElo "2606"]
[BlackElo "2574"]
[WhiteFideId "35028561"]
[BlackFideId "1107038"]
[EventDate "2025.08.25"]

1. e4 e5 2. Nf3 Nf6 3. Nxe5 d6 4. Nf3 Nxe4 5. d4 d5 6. Bd3 Bf5 7. O-O Be7 8. Re1
O-O 9. c4 Nc6 10. cxd5 Qxd5 11. Nc3 Nxc3 12. bxc3 Bxd3 13. Qxd3 Rae8 14. Bf4 Qd7
15. Rab1 b6 16. Qb5 Bd6 17. Be3 Nb8 18. Qb3 Qc8 19. c4 c5 20. d5 Nd7 21. a4 h6
22. a5 bxa5 23. Bd2 Rxe1+ 24. Rxe1 Qa6 25. Qa4 Rd8 26. Qxa5 Qxa5 27. Bxa5 Rb8
28. Kf1 Kf8 29. Ke2 Rb2+ 30. Nd2 Bf4 31. Bc3 Bxd2 32. Bxb2 Bxe1 33. Kxe1 g6 34.
Kd2 h5 35. Bc3 Ke7 36. f4 Kd6 37. Kc2 Kc7 38. Kb3 a6 39. Ba5+ Kb7 40. Bd8 f5 41.
Be7 Kc7 42. Kc3 Kc8 43. Bd6 Kb7 44. Kb3 Kc8 45. Be7 1/2-1/2

[Event "Fujairah Global Superstar"]
[Site "Fujairah City UAE"]
[Date "2025.08.31"]
[Round "8.19"]
[White "Kuzubov, Yuriy"]
[Black "Pranav, Anand"]
[Result "1-0"]
[WhiteTitle "GM"]
[BlackTitle "GM"]
[WhiteElo "2600"]
[BlackElo "2590"]
[WhiteFideId "14112906"]
[BlackFideId "46626786"]
[EventDate "2025.08.25"]

1. d4 Nf6 2. c4 e6 3. Nf3 d5 4. g3 Bb4+ 5. Bd2 Bd6 6. Bg2 O-O 7. O-O Nbd7 8. Qc1
c6 9. Rd1 h6 10. Nc3 Qe7 11. Bf4 Bxf4 12. gxf4 dxc4 13. Ne5 Nb6 14. e4 Bd7 15.
Qe3 Qb4 16. a3 Qa5 17. Bf3 Be8 18. Kh1 Kh7 19. Rg1 Nfd7 20. Rg3 f6 21. Rag1 Rg8
22. Ng4 Bh5 23. f5 exf5 24. exf5 Bxg4 25. Rxg4 Rae8 26. Rxg7+ Rxg7 27. Qxe8 Rg5
28. h4 Rxg1+ 29. Kxg1 Kg7 30. Qe7+ Kg8 31. Qe8+ Nf8 32. Bh5 Nd7 33. Bf7+ Kh7 34.
Bxc4 h5 35. Be6 Qc7 36. Qxh5+ Kg7 37. Qf7+ Kh6 38. Bxd7 1-0

[Event "Fujairah Global Superstar"]
[Site "Fujairah City UAE"]
[Date "2025.08.31"]
[Round "8.20"]
[White "Kantor, Gergely"]
[Black "Gorshtein, Ido"]
[Result "1/2-1/2"]
[WhiteTitle "GM"]
[BlackTitle "GM"]
[WhiteElo "2569"]
[BlackElo "2571"]
[WhiteFideId "751499"]
[BlackFideId "2815532"]
[EventDate "2025.08.25"]

1. e4 e5 2. Nf3 Nc6 3. Bc4 Nf6 4. d3 Be7 5. O-O O-O 6. a4 a5 7. Nc3 d6 8. Re1
Be6 9. Nd5 h6 10. h3 Bxd5 11. exd5 Nb8 12. d4 e4 13. Nd2 Nbd7 14. Nxe4 Nb6 15.
Nxf6+ Bxf6 16. Bb3 Bg5 17. Bxg5 Qxg5 18. Qe2 Rfe8 19. Qb5 Rxe1+ 20. Rxe1 Qd2 21.
Re8+ Kh7 22. Re7 Kg8 23. g3 Kf8 24. Re4 g6 25. Kg2 Kg7 26. Re7 Rc8 27. Re4 Ra8
28. h4 Rd8 29. Qe2 Qxe2 30. Rxe2 Kf8 31. Kf3 Re8 32. Re3 Re7 33. Ke2 Rxe3+ 34.
fxe3 f5 35. c4 Nd7 36. Bc2 Nf6 37. Kf3 Ke7 38. e4 fxe4+ 39. Bxe4 g5 40. hxg5
hxg5 41. Bf5 Kd8 42. Ke3 c6 43. dxc6 bxc6 44. c5 d5 45. Ke2 Kc7 46. Kf3 Kb7 47.
Ke3 Kc7 48. g4 Kb7 49. Kd3 Ne8 50. Kc3 Nc7 51. b4 Na6 52. b5 Nb4 53. Bd7 Kc7 54.
Be8 Kd8 55. Bf7 Kc7 56. Kb3 Kd7 57. Bg8 Kc7 58. Bh7 Kb7 59. Bf5 Kc7 60. Kb2 Kb7
61. Kc3 Kc7 62. Bb1 Kb7 63. Kb3 Kc7 64. Bh7 Kb7 65. Kc3 Kc7 66. Bg8 Kb7 67. Be6
Kc7 68. Kb3 Kb7 69. Bf5 Kc7 70. Ka3 Kb7 71. Kb2 Kc7 72. Kc3 Kb7 73. Bd7 Kc7 74.
Be8 Kd8 75. Bh5 Kc7 76. Bg6 Kd7 77. Bf5+ Kc7 78. Kb2 Kb7 79. Bh7 Kc7 80. Kc3 Kb7
81. Bg6 Kc7 82. Bf7 Kd7 83. Bg8 Kc7 84. Be6 Kb7 85. Bd7 Kc7 1/2-1/2

[Event "Fujairah Global Superstar"]
[Site "Fujairah City UAE"]
[Date "2025.09.01"]
[Round "9.1"]
[White "Pranav, V"]
[Black "Pichot, Alan"]
[Result "1-0"]
[WhiteTitle "GM"]
[BlackTitle "GM"]
[WhiteElo "2597"]
[BlackElo "2581"]
[WhiteFideId "25060783"]
[BlackFideId "110973"]
[EventDate "2025.08.25"]

1. e4 e5 2. Nf3 Nc6 3. Bb5 a6 4. Ba4 Nf6 5. O-O Be7 6. d3 d6 7. c4 O-O 8. h3 Be6
9. Be3 Nd7 10. Nc3 f5 11. exf5 Bxf5 12. d4 exd4 13. Nxd4 Nxd4 14. Bxd4 Nc5 15.
Bc2 Bxc2 16. Qxc2 Bf6 17. Be3 Bxc3 18. Qxc3 Qf6 19. Qxf6 Rxf6 20. Bxc5 dxc5 21.
Rae1 Rd8 22. Re2 Rfd6 23. Rfe1 Rd1 24. Kf1 Kf8 25. Re8+ Rxe8 26. Rxd1 Re4 27. b3
Rd4 28. Ke2 Ke7 29. Rd3 Rh4 30. Ke3 Rh6 31. f4 Rf6 32. Ke4 Re6+ 33. Kf3 Rf6 34.
h4 a5 35. Rd5 b6 36. g4 a4 37. bxa4 g6 38. Re5+ Kf8 39. a5 Rf7 40. Re6 Rd7 41.
axb6 cxb6 42. Rxb6 Rd4 43. Rb8+ Kf7 44. Rb7+ Kg8 45. a4 Rxc4 46. a5 Ra4 47. Ra7
c4 48. a6 c3 49. Ke2 Rc4 50. Kd1 c2+ 51. Kc1 Rc6 52. Ra8+ Kg7 53. a7 Ra6 54. f5 1-0

[Event "Fujairah Global Superstar"]
[Site "Fujairah City UAE"]
[Date "2025.09.01"]
[Round "9.2"]
[White "Donchenko, Alexander"]
[Black "Tabatabaei, M. Amin"]
[Result "1/2-1/2"]
[WhiteTitle "GM"]
[BlackTitle "GM"]
[WhiteElo "2616"]
[BlackElo "2673"]
[WhiteFideId "24603295"]
[BlackFideId "12521213"]
[EventDate "2025.08.25"]

1. Nf3 d5 2. g3 Nf6 3. Bg2 c5 4. O-O e6 5. c4 d4 6. e3 Nc6 7. d3 Bd6 8. exd4
cxd4 9. Na3 O-O 10. Nc2 e5 11. b4 Re8 12. Re1 Bf5 13. c5 Bf8 14. b5 Na5 15. Nxe5
Bxc5 16. Qf3 Be6 17. Bd2 Rc8 18. Qf4 Bb6 19. Na3 Bc7 20. Qh4 Bxe5 21. Rxe5 Qd6
22. Rg5 Nd7 23. b6 axb6 24. Nb5 Qe7 25. Nxd4 Qf6 26. Rh5 Nc6 27. Be3 Nxd4 28.
Qxd4 Rc2 29. a4 Qxd4 30. Bxd4 Rd2 31. Be4 f5 32. Be3 Rc2 33. Bxf5 Bxf5 34. Rxf5
Ne5 35. Bxb6 Nxd3 36. Rd5 Ne5 1/2-1/2

[Event "Fujairah Global Superstar"]
[Site "Fujairah City UAE"]
[Date "2025.09.01"]
[Round "9.3"]
[White "Nihal, Sarin"]
[Black "Jacobson, Brandon"]
[Result "1/2-1/2"]
[WhiteTitle "GM"]
[BlackTitle "GM"]
[WhiteElo "2692"]
[BlackElo "2594"]
[WhiteFideId "25092340"]
[BlackFideId "30901561"]
[EventDate "2025.08.25"]

1. Nf3 d5 2. e3 Nf6 3. b3 e6 4. Bb2 Bd6 5. d4 O-O 6. Bd3 b6 7. O-O Bb7 8. c4
Nbd7 9. Nc3 a6 10. Re1 Ne4 11. Qc2 Ndf6 12. h3 Bb4 13. Ne5 Rc8 14. Red1 Bxc3 15.
Bxc3 Nxc3 16. Qxc3 c5 17. dxc5 Rxc5 18. b4 Rc8 19. c5 a5 20. a3 axb4 21. axb4
bxc5 22. bxc5 Nd7 23. Nxd7 Qxd7 24. Rdb1 Bc6 25. Rb6 Qc7 26. Qb4 Ra8 27. Raa6
Rxa6 28. Bxa6 h6 29. f4 Ra8 30. Kh2 Rd8 31. Bb5 Bxb5 32. Rxb5 Rc8 33. Qd4 Qc6
34. Ra5 Qc7 35. Rb5 Qc6 36. Qb2 Qc7 37. Kg1 Ra8 38. Kh2 Rc8 39. Qc3 1/2-1/2

[Event "Fujairah Global Superstar"]
[Site "Fujairah City UAE"]
[Date "2025.09.01"]
[Round "9.4"]
[White "Sjugirov, Sanan"]
[Black "Mishra, Abhimanyu"]
[Result "1/2-1/2"]
[WhiteTitle "GM"]
[BlackTitle "GM"]
[WhiteElo "2636"]
[BlackElo "2610"]
[WhiteFideId "4189302"]
[BlackFideId "30920019"]
[EventDate "2025.08.25"]

1. e4 c5 2. Nf3 d6 3. Bb5+ Bd7 4. Bxd7+ Qxd7 5. O-O Nf6 6. Qe2 Nc6 7. c3 e6 8.
d4 d5 9. e5 Ne4 10. Be3 cxd4 11. cxd4 Be7 12. Ne1 f6 13. f3 Ng5 14. Nd3 O-O 15.
Nd2 b6 16. a3 Nf7 17. f4 Na5 18. exf6 Bxf6 19. Ne5 Qa4 20. b3 Qe8 21. Rac1 Rc8
22. Qa6 Bxe5 23. fxe5 Qd7 24. Qd3 Rxc1 25. Rxc1 Rc8 26. Rc3 Rxc3 27. Qxc3 Qc6
28. Qxc6 Nxc6 29. Kf2 Nh8 30. g4 Ng6 1/2-1/2

[Event "Fujairah Global Superstar"]
[Site "Fujairah City UAE"]
[Date "2025.09.01"]
[Round "9.5"]
[White "Shankland, Sam"]
[Black "Martinez Alcantara, Jose Eduardo"]
[Result "0-1"]
[WhiteTitle "GM"]
[BlackTitle "GM"]
[WhiteElo "2670"]
[BlackElo "2636"]
[WhiteFideId "2004887"]
[BlackFideId "3805662"]
[EventDate "2025.08.25"]

1. e4 e5 2. Nf3 Nc6 3. Bb5 Nf6 4. O-O Nxe4 5. d4 Nd6 6. Bxc6 dxc6 7. dxe5 Nf5 8.
Qxd8+ Kxd8 9. h3 Ke8 10. Nc3 b6 11. Ne4 Be6 12. g4 Ne7 13. Nd4 Bc4 14. Re1 c5
15. Nf5 Be6 16. Nxe7 Bxe7 17. Ng3 Kd7 18. Nh5 g6 19. Nf4 h5 20. f3 hxg4 21. fxg4
Kc6 22. Kg2 Rad8 23. Be3 Bc4 24. b3 g5 25. Nh5 Bd5+ 26. Kg3 Rxh5 27. gxh5 Rh8
28. Rf1 Rxh5 29. Rf5 Be6 30. Raf1 Kd7 31. Rd1+ Ke8 32. Rdf1 c4 33. Kg4 Rh4+ 34.
Kg3 Re4 35. Bxg5 Bxf5 36. Rxf5 Bxg5 37. Rxg5 Re3+ 38. Kh2 Re2+ 39. Rg2 Rxe5 40.
h4 Re3 41. b4 Ke7 42. Rg3 Re2+ 43. Rg2 Rxg2+ 44. Kxg2 b5 45. Kf3 Kf6 46. Kf4 Kg6
47. Kg4 Kh6 48. Kg3 Kh5 49. Kh3 f6 50. Kg3 f5 51. Kf3 Kxh4 52. Kf4 Kh3 53. Kf3
Kh2 0-1

[Event "Fujairah Global Superstar"]
[Site "Fujairah City UAE"]
[Date "2025.09.01"]
[Round "9.6"]
[White "Hong, Andrew"]
[Black "Lu, Shanglei"]
[Result "0-1"]
[WhiteTitle "GM"]
[BlackTitle "GM"]
[WhiteElo "2580"]
[BlackElo "2647"]
[WhiteFideId "2099438"]
[BlackFideId "8603332"]
[EventDate "2025.08.25"]

1. e4 c5 2. Nf3 d6 3. d4 cxd4 4. Nxd4 Nf6 5. Nc3 a6 6. f3 e5 7. Nb3 Be6 8. Be3
h5 9. Nd5 Bxd5 10. exd5 Nbd7 11. Qd2 g6 12. O-O-O Nb6 13. Kb1 Qc7 14. Qa5 Rc8
15. c3 Nfd7 16. g3 Bh6 17. f4 O-O 18. Bc1 exf4 19. gxf4 Rfe8 20. Rg1 Nc4 21.
Qxc7 Rxc7 22. Nd4 Nf6 23. Bd3 Ne3 24. Rde1 Nexd5 25. Ref1 Kf8 26. a4 Rce7 27. h3
h4 28. f5 Bxc1 29. Kxc1 g5 30. Nf3 Nf4 31. Bc4 Rc7 32. b3 Nxh3 33. Rh1 g4 34.
Nxh4 d5 35. Bd3 Rxc3+ 36. Kd2 Rxb3 37. Rb1 Rxd3+ 38. Kxd3 Nf2+ 0-1

[Event "Fujairah Global Superstar"]
[Site "Fujairah City UAE"]
[Date "2025.09.01"]
[Round "9.7"]
[White "Zhu, Jiner"]
[Black "Cheparinov, Ivan"]
[Result "1-0"]
[WhiteTitle "GM"]
[BlackTitle "GM"]
[WhiteElo "2536"]
[BlackElo "2625"]
[WhiteFideId "8608059"]
[BlackFideId "2905540"]
[EventDate "2025.08.25"]

1. e4 c5 2. Nf3 d6 3. Bb5+ Bd7 4. c4 Nc6 5. Nc3 e5 6. d3 Be7 7. Be3 f5 8. exf5
Bxf5 9. h3 Nf6 10. O-O O-O 11. Ng5 Nd4 12. Ba4 h6 13. Nge4 Be6 14. Nxf6+ Bxf6
15. Bxd4 cxd4 16. Ne4 Be7 17. Qe2 Kh8 18. Rfe1 Bf5 19. Rac1 Bh4 20. Rf1 Rc8 21.
c5 Bxe4 22. Qxe4 dxc5 23. Qxe5 Qg5 24. Qxg5 Bxg5 25. Rc2 a6 26. Bd7 Rc7 27. Bg4
Re8 28. b4 b6 29. bxc5 Rxc5 30. Rxc5 bxc5 31. Bh5 Rc8 32. Bf7 Bd2 33. Rb1 Bb4
34. Rb2 a5 35. Re2 Rf8 36. Bc4 1-0

[Event "Fujairah Global Superstar"]
[Site "Fujairah City UAE"]
[Date "2025.09.01"]
[Round "9.8"]
[White "Daneshvar, Bardiya"]
[Black "Muradli, Mahammad"]
[Result "1/2-1/2"]
[WhiteTitle "GM"]
[BlackTitle "GM"]
[WhiteElo "2625"]
[BlackElo "2586"]
[WhiteFideId "12576468"]
[BlackFideId "13409301"]
[EventDate "2025.08.25"]

1. e4 c5 2. Nc3 d6 3. d4 cxd4 4. Qxd4 Nc6 5. Qd2 g6 6. b3 Bh6 7. f4 Nf6 8. Bb2
O-O 9. O-O-O e5 10. g3 exf4 11. gxf4 Nh5 12. Nd5 Be6 13. Kb1 Bxd5 14. exd5 Ne5
15. Be2 Nxf4 16. h4 Qf6 17. Rf1 Nxe2 18. Qxe2 Qe7 19. h5 Bg7 20. Qg2 a5 21. Ne2
a4 22. Nd4 axb3 23. cxb3 Qd7 24. Qh2 Ng4 25. Qh4 Bxd4 26. hxg6 fxg6 27. Rxf8+
Rxf8 28. Bxd4 Ne5 29. Bb2 Qf5+ 30. Ka1 g5 31. Qh6 Rf6 32. Qh5 Nd3 33. Bc3 Qf1+
34. Be1 Qf5 35. Bc3 Rf7 36. Qe2 Kf8 37. Rd1 Nf4 38. Qc4 Re7 39. Qd4 Ke8 40. Qa4+ 1/2-1/2

[Event "Fujairah Global Superstar"]
[Site "Fujairah City UAE"]
[Date "2025.09.01"]
[Round "9.9"]
[White "Suleymanli, Aydin"]
[Black "Narayanan, S.L."]
[Result "1-0"]
[WhiteTitle "GM"]
[BlackTitle "GM"]
[WhiteElo "2609"]
[BlackElo "2595"]
[WhiteFideId "13413937"]
[BlackFideId "5058422"]
[EventDate "2025.08.25"]

1. e4 c5 2. Nf3 d6 3. Bb5+ Nd7 4. a4 Nf6 5. Nc3 a6 6. Be2 b6 7. d4 cxd4 8. Qxd4
e5 9. Qe3 Bb7 10. O-O Be7 11. Rd1 Ng4 12. Qd2 Ngf6 13. Qe3 Ng4 14. Qd2 Ngf6 15.
Bd3 O-O 16. Qe2 Qc7 17. Bg5 Rfc8 18. Nd2 h6 19. Bxf6 Nxf6 20. Nf1 d5 21. Nxd5
Nxd5 22. exd5 Bxd5 23. Ne3 Bb7 24. Ng4 Qc6 25. f3 Re8 26. Kh1 Qc5 27. Be4 Bxe4
28. fxe4 Rac8 29. c3 Qc4 30. Qf3 Bg5 31. h4 h5 32. hxg5 hxg4 33. Qxg4 Qe6 34.
Qh4 Qg6 35. Rd3 Qh7 36. Qxh7+ Kxh7 37. Rf1 Kg6 38. Rd7 Rc4 39. Rfxf7 Rxe4 40.
Rxg7+ Kh5 1-0

[Event "Fujairah Global Superstar"]
[Site "Fujairah City UAE"]
[Date "2025.09.01"]
[Round "9.10"]
[White "Aditya, Mittal"]
[Black "Zemlyanskii, Ivan"]
[Result "1-0"]
[WhiteTitle "GM"]
[BlackTitle "GM"]
[WhiteElo "2560"]
[BlackElo "2586"]
[WhiteFideId "35042025"]
[BlackFideId "24249971"]
[EventDate "2025.08.25"]

1. e4 e5 2. Nf3 Nc6 3. Bc4 Nf6 4. Ng5 d5 5. exd5 Na5 6. Bb5+ c6 7. dxc6 bxc6 8.
Bd3 Ng4 9. Ne4 f5 10. Be2 h5 11. h3 fxe4 12. hxg4 Bc5 13. Nc3 Qd4 14. O-O Rf8
15. Qe1 hxg4 16. d3 exd3 17. Be3 dxe2 18. Qxe2 Qb4 19. a3 Qb6 20. Na4 Qa6 21.
Qxa6 Bxa6 22. Bxc5 Bxf1 23. Bxf8 Bxg2 24. Kxg2 Kxf8 25. Re1 Re8 26. Re4 Nb7 27.
Rxg4 Re6 28. Rb4 Re7 29. Rc4 Rc7 30. Nc3 Nd8 31. Kf3 Kf7 32. Rc5 Re7 33. Ke4 Kf6
34. b4 Rd7 35. f3 Rd2 36. Ke3 Rh2 37. Ne4+ Kf5 38. Nf2 Ne6 39. Rxc6 Nd4 40. Rc5
Rg2 41. c3 Nc2+ 42. Ke2 Nxa3 1-0

[Event "Fujairah Global Superstar"]
[Site "Fujairah City UAE"]
[Date "2025.09.01"]
[Round "9.11"]
[White "Dudin, Gleb"]
[Black "Theodorou, Nikolas"]
[Result "1/2-1/2"]
[WhiteTitle "GM"]
[BlackTitle "GM"]
[WhiteElo "2583"]
[BlackElo "2646"]
[WhiteFideId "34184934"]
[BlackFideId "4262875"]
[EventDate "2025.08.25"]

1. d4 Nf6 2. c4 e6 3. Nf3 b6 4. g3 Bb7 5. Bg2 Be7 6. O-O O-O 7. Re1 h6 8. a3 d5
9. cxd5 exd5 10. Nc3 Ne4 11. Bf4 c5 12. dxc5 Bxc5 13. e3 Nxc3 14. bxc3 Nd7 15.
Ne5 Re8 16. Nxd7 Qxd7 17. h4 Qe6 18. Qh5 Bc6 19. Red1 Rad8 20. a4 a5 21. Rd3 Qf6
22. Ra2 Rd7 23. Bh3 Rde7 24. Bg2 Rd7 25. Bh3 Rde7 26. Bg2 Rd7 1/2-1/2

[Event "Fujairah Global Superstar"]
[Site "Fujairah City UAE"]
[Date "2025.09.01"]
[Round "9.12"]
[White "Ivanchuk, Vasyl"]
[Black "Grebnev, Aleksey"]
[Result "1/2-1/2"]
[WhiteTitle "GM"]
[BlackTitle "GM"]
[WhiteElo "2623"]
[BlackElo "2595"]
[WhiteFideId "14100010"]
[BlackFideId "34189030"]
[EventDate "2025.08.25"]

1. d4 d5 2. c4 e6 3. Nc3 c5 4. cxd5 exd5 5. Nf3 Nc6 6. a3 Nf6 7. Bg5 cxd4 8.
Nxd4 Bc5 9. e3 O-O 10. Be2 Nxd4 11. exd4 Be7 12. O-O Ne4 13. Bxe7 Nxc3 14. Bxd8
Nxd1 15. Bc7 Nxb2 16. Bf3 Be6 17. Rfb1 Rfc8 18. Bf4 Nc4 19. Rxb7 Rc6 20. h4 h6
21. h5 Nd6 22. Rb3 Rac8 23. Rd1 Ra6 24. g4 Nc4 25. Rdd3 Rb6 26. Kg2 Kf8 27. Kg3
Ke7 28. Be2 Rcc6 29. f3 a5 30. Bd1 a4 31. Rxb6 Rxb6 32. Bc2 Bd7 33. Bc1 Re6 34.
Kf2 Bb5 35. Rc3 Rb6 36. Ke1 Bd7 37. Kd1 Rb7 38. Ke1 Rb6 39. Kf2 Bb5 1/2-1/2

[Event "Fujairah Global Superstar"]
[Site "Fujairah City UAE"]
[Date "2025.09.01"]
[Round "9.13"]
[White "Pranesh, M"]
[Black "Bharath, Subramaniyam H"]
[Result "1-0"]
[WhiteTitle "GM"]
[BlackTitle "GM"]
[WhiteElo "2589"]
[BlackElo "2562"]
[WhiteFideId "35028600"]
[BlackFideId "46634827"]
[EventDate "2025.08.25"]

1. e4 e5 2. Nf3 Nc6 3. Bb5 a6 4. Ba4 Nf6 5. O-O d6 6. Re1 Bd7 7. Bxc6 Bxc6 8. d4
Be7 9. Nc3 exd4 10. Nxd4 Bd7 11. h3 O-O 12. Qf3 b5 13. b3 b4 14. Nce2 c5 15. Nf5
d5 16. exd5 Bxf5 17. Qxf5 g6 18. Qd3 Qxd5 19. Nf4 Qxd3 20. Nxd3 Nd5 21. Bb2 Rfd8
22. a3 Rac8 23. axb4 cxb4 24. Re2 Rc6 25. Ne5 Re6 26. Rd2 Nc7 27. Rxd8+ Bxd8 28.
Nc4 Be7 29. Rd1 Nb5 30. Ne3 Kf8 31. Kf1 Rc6 32. g3 Ke8 33. Re1 Kf8 34. Nd5 Re6
35. Rxe6 fxe6 36. Nf4 Kf7 37. Ke2 Bd6 38. Nd3 Ke7 39. f4 a5 40. Nf2 Bc5 41. Ne4
Bg1 42. Kd3 h5 43. Be5 Bb6 44. Nd2 Kd7 45. Nc4 Bd8 46. g4 hxg4 47. hxg4 Kc6 48.
g5 Kd7 49. Nd2 Ke8 50. Nf3 Nc7 51. Kc4 Nd5 52. Kb5 Kd7 53. Nh4 Ne3 54. Nxg6 Nxc2
55. Nh8 Ke8 56. g6 Kf8 57. Nf7 Bc7 58. Bxc7 Kg7 59. Ne5 Nd4+ 60. Kc4 Ne2 61.
Bxa5 Nxf4 62. Bxb4 1-0

[Event "Fujairah Global Superstar"]
[Site "Fujairah City UAE"]
[Date "2025.09.01"]
[Round "9.14"]
[White "Movahed, Sina"]
[Black "Volokitin, Andrei"]
[Result "1-0"]
[WhiteTitle "GM"]
[BlackTitle "GM"]
[WhiteElo "2558"]
[BlackElo "2628"]
[WhiteFideId "42520835"]
[BlackFideId "14107090"]
[EventDate "2025.08.25"]

1. e4 e5 2. Nf3 Nc6 3. Bc4 Bc5 4. c3 Nf6 5. d3 d6 6. O-O a5 7. Re1 h6 8. Nbd2
O-O 9. Nf1 a4 10. h3 Ra5 11. d4 Bb6 12. b4 axb3 13. Bxb3 d5 14. exd5 Nxd5 15.
dxe5 Nxc3 16. Qc2 Nd5 17. Bd2 Rc5 18. Qe4 Nc3 19. Qf4 Nd5 20. Qg3 Nce7 21. Nh4
Kh8 22. Rad1 Qe8 23. Qf3 Qc6 24. Rc1 Be6 25. Qh5 Kg8 26. Ng3 Bd7 27. Ne4 Rxc1
28. Rxc1 Qe6 29. Bb4 Re8 30. Rd1 Bc6 31. Bxe7 Rxe7 32. Nf5 Rd7 33. Nf6+ Nxf6 34.
Bxe6 Nxh5 35. Bxd7 Be4 36. Ne7+ Kf8 37. Nc8 g5 38. Nxb6 cxb6 39. f3 Bg6 40. Rd6
Nf4 41. Rxb6 Ne2+ 42. Kh2 Nc3 43. a4 1-0

[Event "Fujairah Global Superstar"]
[Site "Fujairah City UAE"]
[Date "2025.09.01"]
[Round "9.15"]
[White "Piorun, Kacper"]
[Black "Mendonca, Leon Luke"]
[Result "0-1"]
[WhiteTitle "GM"]
[BlackTitle "GM"]
[WhiteElo "2568"]
[BlackElo "2606"]
[WhiteFideId "1130420"]
[BlackFideId "35028561"]
[EventDate "2025.08.25"]

1. c4 b6 2. Nc3 Bb7 3. e4 e5 4. Nf3 Nc6 5. a3 Nf6 6. d3 a5 7. Be2 Bc5 8. O-O d6
9. Rb1 O-O 10. Bg5 Nd4 11. b4 axb4 12. axb4 Nxf3+ 13. Bxf3 Bd4 14. Nb5 c5 15.
bxc5 Bxc5 16. Qd2 Rb8 17. Rb2 h6 18. Be3 Bc6 19. Nc3 Re8 20. Rfb1 Qc7 21. h3 Nd7
22. Bg4 Bxe3 23. Qxe3 Nc5 24. g3 Rb7 25. Kh2 Ra8 26. d4 exd4 27. Qxd4 Na4 28.
Ra2 Rba7 29. Nd5 Bxd5 30. exd5 Nc5 31. Rab2 Ra6 32. Re1 Qd8 33. h4 Ra2 34. Rxa2
Rxa2 35. Bf5 Kf8 36. Kg2 Ra4 37. Rb1 Ra2 38. Qf4 Kg8 39. h5 Kf8 40. Kh3 Ra6 41.
Qg4 Ra2 42. Qf4 Ra6 43. Bc2 Ra2 0-1

[Event "Fujairah Global Superstar"]
[Site "Fujairah City UAE"]
[Date "2025.09.01"]
[Round "9.17"]
[White "Socko, Bartosz"]
[Black "Kantor, Gergely"]
[Result "1-0"]
[WhiteTitle "GM"]
[BlackTitle "GM"]
[WhiteElo "2574"]
[BlackElo "2569"]
[WhiteFideId "1107038"]
[BlackFideId "751499"]
[EventDate "2025.08.25"]

1. e4 e5 2. Nf3 Nc6 3. Bb5 a6 4. Ba4 Nf6 5. O-O Be7 6. Re1 b5 7. Bb3 O-O 8. d4
Nxd4 9. Nxd4 exd4 10. e5 Ne8 11. Qxd4 Bb7 12. c4 c5 13. Qg4 d6 14. cxb5 axb5 15.
Nc3 c4 16. Bc2 b4 17. Na4 d5 18. b3 Bc8 19. Qd4 Be6 20. bxc4 dxc4 21. Qe4 g6 22.
Nb6 Qxb6 23. Qxa8 Bc5 24. Be3 Bxe3 25. Rxe3 Nc7 26. Qf3 Nb5 27. Be4 Rd8 28. h4
Qd4 29. Rb1 Nc3 30. Rxb4 Nd1 31. Rd3 cxd3 32. Rxd4 Rxd4 33. Qxd1 Rxe4 34. Qxd3
Re1+ 35. Kh2 Rxe5 36. Qd8+ Kg7 37. Qd4 f6 38. a4 h5 39. f3 Bf7 40. Qb6 Re6 41.
Qb7 Re5 42. Qa7 g5 43. hxg5 Rxg5 44. a5 Kg6 1-0

[Event "Fujairah Global Superstar"]
[Site "Fujairah City UAE"]
[Date "2025.09.01"]
[Round "9.18"]
[White "Gorshtein, Ido"]
[Black "Dardha, Daniel"]
[Result "1/2-1/2"]
[WhiteTitle "GM"]
[BlackTitle "GM"]
[WhiteElo "2571"]
[BlackElo "2616"]
[WhiteFideId "2815532"]
[BlackFideId "240990"]
[EventDate "2025.08.25"]

1. d4 Nf6 2. c4 e6 3. Nf3 b6 4. a3 Bb7 5. Nc3 Ne4 6. Nxe4 Bxe4 7. Bg5 Be7 8.
Bxe7 Qxe7 9. e3 d6 10. Bd3 Bb7 11. Qc2 Nd7 12. Be4 c6 13. Nd2 Nf6 14. Bf3 O-O
15. O-O c5 16. dxc5 dxc5 17. Rfd1 Rfd8 18. Bxb7 Qxb7 19. Nf3 Qc7 20. h3 h6 21.
Rxd8+ Rxd8 22. Rd1 Rxd1+ 23. Qxd1 Qd7 24. Qxd7 Nxd7 25. Kf1 Kf8 26. Ke2 Ke7 27.
b3 a5 28. a4 g5 29. Nd2 f5 30. g3 Kf6 1/2-1/2